[Event "Mid Bohemia Region-chT 2223"]
[Site "Czech Republic"]
[Date "2023.03.19"]
[Round "10.4"]
[White "Jerabek, Jindrich"]
[Black "Cermak, Jan2222"]
[Result "1/2-1/2"]
[WhiteElo "1900"]
[BlackElo "2006"]
[PlyCount "132"]
[EventDate "2022.10.09"]
[EventType "team-tourn"]
[EventRounds "11"]
[EventCountry "CZE"]
[SourceTitle "EXT 2024"]
[Source "ChessBase"]
[SourceDate "2023.10.10"]
[SourceVersion "1"]
[SourceVersionDate "2023.10.10"]
[SourceQuality "1"]
[WhiteTeam "Mlada Boleslav Skoda"]
[BlackTeam "Cesky Brod"]
[WhiteTeamCountry "CZE"]
[BlackTeamCountry "CZE"]

1. d4 d5 2. c4 c6 3. Nc3 Nf6 4. Nf3 e6 5. e3 Nbd7 6. Bd3 dxc4 7. Bxc4 b5 8. Bd3 Bb7 9. e4 b4 10. Na4 c5 11. e5 Nd5 12. Nxc5 Nxc5 13. dxc5 Bxc5 14. Bb5+ Kf8 15. 0-0 h6 16. Bd3 Qb6 17. Qe2 g6 18. h4 Rd8 19. Bd2 Ne7 20. Rac1 Bd5 21. b3 Nc6 22. Be4 Be7 23. Bxd5 Rxd5 24. Be3 Bc5 25. Bxc5+ Rxc5 26. Qe3 Rxc1 27. Rxc1 Ne7 28. Qc5 Qxc5 29. Rxc5 Nd5 30. Ra5 Kg7 31. Rxa7 Rc8 32. Nd4 Kf8 33. Nb5 Rc2 34. Nd6 Rc7 35. Ra8+ Kg7 36. a3 bxa3 37. Rxa3 f6 38. Nc4 h5 39. exf6+ Kxf6 40. Kf1 Rb7 41. Nd2 Rd7 42. Ke1 Nc3 43. Ra1 Rd3 44. Rc1 Ke7 45. b4 Nd5 46. b5 Ra3 47. Ne4 Rb3 48. Rc5 Nf4 49. Rg5 Kf7 50. g3 Nd5 51. Re5 Nc7 52. Rc5 Nd5 53. Kd2 Kg7 54. Kc2 Rb4 55. Kd3 Kf7 56. Rc6 Rxb5 57. Ng5+ Kg7 58. Nxe6+ Kh7 59. Ng5+ Kg7 60. Kc4 Ra5 61. Rd6 Nf6 62. Re6 Ra7 63. Kd4 Rd7+ 64. Kc5 Ra7 65. Kd4 Rd7+ 66. Ke5 Ng4+ 1/2-1/2

[Event "Mid Bohemia Region-chT 2223"]
[Site "Czech Republic"]
[Date "2022.12.11"]
[Round "5.4"]
[White "Jerabek, Jindrich"]
[Black "Havlik, Frantisek"]
[Result "0-1"]
[WhiteElo "1900"]
[BlackElo "1954"]
[PlyCount "64"]
[EventDate "2022.10.09"]
[EventType "team-tourn"]
[EventRounds "11"]
[EventCountry "CZE"]
[SourceTitle "EXT 2024"]
[Source "ChessBase"]
[SourceDate "2023.10.10"]
[SourceVersion "1"]
[SourceVersionDate "2023.10.10"]
[SourceQuality "1"]
[WhiteTeam "Mlada Boleslav Skoda"]
[BlackTeam "Ricany III"]
[WhiteTeamCountry "CZE"]
[BlackTeamCountry "CZE"]

1. d4 Nf6 2. c4 g6 3. Nc3 Bg7 4. e4 0-0 5. f3 d6 6. Be3 e5 7. d5 Nh5 8. Bd3 f5 9. Nge2 a5 10. exf5 gxf5 11. Qc2 Na6 12. 0-0-0 Nb4 13. Qd2 Nxd3+ 14. Qxd3 a4 15. a3 Nf6 16. Qd2 Nd7 17. Kb1 Rf7 18. g4 e4 19. gxf5 exf3 20. Nd4 Ne5 21. Ne6 Qf6 22. Bd4 Qxf5+ 23. Ka2 Bxe6 24. dxe6 Qxe6 25. Bxe5 Qxc4+ 26. Kb1 Bxe5 27. Rhg1+ Kh8 28. Nd5 c6 29. Ne3 Qe4+ 30. Ka1 f2 31. Rgf1 Raf8 32. h3 Rf3 0-1

[Event "Mid Bohemia Region-chT 2223"]
[Site "Czech Republic"]
[Date "2022.11.13"]
[Round "3.4"]
[White "Jerabek, Jindrich"]
[Black "Vavra, Stanislav"]
[Result "0-1"]
[WhiteElo "1900"]
[BlackElo "1917"]
[PlyCount "86"]
[EventDate "2022.10.09"]
[EventType "team-tourn"]
[EventRounds "11"]
[EventCountry "CZE"]
[SourceTitle "EXT 2024"]
[Source "ChessBase"]
[SourceDate "2023.10.10"]
[SourceVersion "1"]
[SourceVersionDate "2023.10.10"]
[SourceQuality "1"]
[WhiteTeam "Mlada Boleslav Skoda"]
[BlackTeam "Vlasim II"]
[WhiteTeamCountry "CZE"]
[BlackTeamCountry "CZE"]

1. d4 d5 2. c4 e6 3. Nc3 Nf6 4. Nf3 Be7 5. e3 0-0 6. Bd3 dxc4 7. Bxc4 c5 8. 0-0 Nc6 9. a3 cxd4 10. exd4 b6 11. d5 exd5 12. Nxd5 Nxd5 13. Qxd5 Bb7 14. Qh5 Qd6 15. Bg5 Qg6 16. Qxg6 hxg6 17. Rfe1 Bf6 18. Bxf6 gxf6 19. Re3 Rfe8 20. Rae1 Kf8 21. h4 Na5 22. Bb5 Rxe3 23. Rxe3 a6 24. Be2 Rd8 25. b4 Nc6 26. Rc3 a5 27. bxa5 bxa5 28. Rb3 Bc8 29. Rb6 Bd7 30. Bb5 Rb8 31. Bxc6 Rxb6 32. Bxd7 Ke7 33. Ba4 Rb1+ 34. Kh2 Ra1 35. Bb5 Rxa3 36. Nd2 Ra2 37. Nc4 Rxf2 38. Ne3 f5 39. Kg3 Rb2 40. Bc4 a4 41. Nd5+ Kf8 42. Kf3 a3 43. Ne3 a2 0-1

[Event "Mid Bohemia Region-chT 2223"]
[Site "Czech Republic"]
[Date "2022.10.30"]
[Round "2.4"]
[White "Plasek, Zdenek"]
[Black "Jerabek, Jindrich"]
[Result "1-0"]
[WhiteElo "1937"]
[BlackElo "1900"]
[PlyCount "97"]
[EventDate "2022.10.09"]
[EventType "team-tourn"]
[EventRounds "11"]
[EventCountry "CZE"]
[SourceTitle "EXT 2024"]
[Source "ChessBase"]
[SourceDate "2023.10.10"]
[SourceVersion "1"]
[SourceVersionDate "2023.10.10"]
[SourceQuality "1"]
[WhiteTeam "Kostelec nad CL"]
[BlackTeam "Mlada Boleslav Skoda"]
[WhiteTeamCountry "CZE"]
[BlackTeamCountry "CZE"]

1. Nf3 d5 2. d4 Nf6 3. g3 c5 4. c4 cxd4 5. cxd5 Qxd5 6. Qxd4 Nc6 7. Qa4 e5 8. Nc3 Bb4 9. Bg2 e4 10. Nd2 Qd4 11. Qc2 e3 12. fxe3 Qe5 13. Nf3 Qa5 14. 0-0 Bf5 15. Qb3 Be6 16. Qc2 Rc8 17. Bd2 0-0 18. a3 Bxc3 19. Bxc3 Qb6 20. Qd3 Rfd8 21. Nd4 Ne5 22. Qb5 Bd5 23. Qxb6 axb6 24. Nf5 Ng6 25. Nh6+ gxh6 26. Rxf6 Bxg2 27. Kxg2 Rc6 28. Raf1 Rd7 29. h4 Re7 30. Bd4 b5 31. h5 Nf8 32. R6f5 Ne6 33. Rxb5 Nxd4 34. exd4 Rxe2+ 35. Rf2 Re7 36. d5 Rd6 37. Rd2 b6 38. Kf3 Kg7 39. Rd4 Re5 40. g4 Rg5 41. a4 f5 42. Rf4 Kf6 43. Rxf5+ Rxf5+ 44. gxf5 Kxf5 45. Ke3 Ke5 46. b3 Kf5 47. Kd4 Kf4 48. Rb4 Kf5 49. Rc4 1-0

[Event "Czechia KP-chTA 0607"]
[Site "Czech Republic"]
[Date "2007.02.04"]
[Round "7.4"]
[White "Jerabek, Jindrich"]
[Black "Stolz, Lubor"]
[Result "1-0"]
[WhiteElo "1965"]
[BlackElo "1934"]
[PlyCount "89"]
[EventDate "2006.10.29"]
[EventType "team"]
[EventRounds "11"]
[EventCountry "CZE"]
[SourceTitle "EXT 2008"]
[Source "ChessBase"]
[SourceDate "2007.11.25"]
[SourceVersion "1"]
[SourceVersionDate "2007.11.25"]
[SourceQuality "1"]
[WhiteTeam "AS MB"]
[BlackTeam "Zebrak"]
[WhiteTeamCountry "CZE"]
[BlackTeamCountry "CZE"]

1. d4 Nf6 2. c4 g6 3. Nc3 Bg7 4. e4 d6 5. f3 Nc6 6. Be3 e5 7. d5 Ne7 8. Bd3 c5 9. Nge2 Bd7 10. Qd2 a6 11. 0-0 0-0 12. Rab1 a5 13. a3 b6 14. b4 axb4 15. axb4 Qc7 16. bxc5 bxc5 17. Nb5 Bxb5 18. Rxb5 Rfb8 19. Nc3 Nc8 20. Rfb1 Na7 21. R5b2 Nd7 22. Ra1 Rxb2 23. Qxb2 Rb8 24. Qa2 Rb7 25. Qa6 Nb8 26. Qa4 Nd7 27. Bc2 h5 28. Qa6 Kh7 29. Qa2 Bh6 30. Bxh6 Kxh6 31. Ba4 Nb8 32. Qd2+ Kg7 33. Bb5 Nc8 34. f4 Qe7 35. f5 gxf5 36. exf5 Qh4 37. Kh1 Ne7 38. g3 Qg4 39. f6+ Kxf6 40. Qh6+ Ng6 41. Rf1+ Ke7 42. Qg7 Kd8 43. Qg8+ Kc7 44. Rxf7+ Kb6 45. Qd8+ 1-0

[Event "Czechia KP-chTA 0607"]
[Site "Czech Republic"]
[Date "2007.01.21"]
[Round "6.4"]
[White "Doubek, Martin"]
[Black "Jerabek, Jindrich"]
[Result "0-1"]
[WhiteElo "1739"]
[BlackElo "1965"]
[PlyCount "60"]
[EventDate "2006.10.29"]
[EventType "team"]
[EventRounds "11"]
[EventCountry "CZE"]
[SourceTitle "EXT 2008"]
[Source "ChessBase"]
[SourceDate "2007.11.25"]
[SourceVersion "1"]
[SourceVersionDate "2007.11.25"]
[SourceQuality "1"]
[WhiteTeam "Kladno II"]
[BlackTeam "AS MB"]
[WhiteTeamCountry "CZE"]
[BlackTeamCountry "CZE"]

1. e4 d6 2. d4 Nf6 3. Nc3 g6 4. f4 Bg7 5. Nf3 c5 6. dxc5 Qa5 7. Bd3 Qxc5 8. Qe2 0-0 9. Be3 Qa5 10. h3 Nh5 11. g4 Ng3 12. Qg2 Nxh1 13. Qxh1 Nc6 14. Ke2 Nb4 15. Bd2 Nxd3 16. cxd3 Bd7 17. Nd5 Qd8 18. Qg1 Bc6 19. Ne3 e6 20. g5 f5 21. gxf6 Qxf6 22. Nc4 Rad8 23. f5 exf5 24. Bg5 Qe6 25. Nd4 Bxd4 26. Qxd4 fxe4 27. Bxd8 exd3+ 28. Kxd3 Qxh3+ 29. Ne3 Rxd8 30. Rf1 Bb5+ 0-1

[Event "CZE-chT3A Middle 0506  "]
[Site "Czech Republic"]
[Date "2006.03.05"]
[Round "9.3"]
[White "Vecerka, Pavel"]
[Black "Jerabek, Jindrich"]
[Result "1-0"]
[WhiteElo "2033"]
[BlackElo "1975"]
[PlyCount "105"]
[EventDate "2005.10.30"]
[EventType "team"]
[EventRounds "11"]
[EventCountry "CZE"]
[SourceTitle "EXT 2009"]
[Source "ChessBase"]
[SourceDate "2008.11.26"]
[SourceVersion "1"]
[SourceVersionDate "2008.11.26"]
[SourceQuality "1"]

1. e4 d6 2. d4 Nf6 3. Nc3 g6 4. f4 Bg7 5. Nf3 c5 6. Bb5+ Bd7 7. e5 Ng4 8. e6 Bxb5 9. exf7+ Kd7 10. Nxb5 Qa5+ 11. Nc3 cxd4 12. Nxd4 Bxd4 13. Qxd4 Nc6 14. Qd1 Qf5 15. h3 Qe6+ 16. Qe2 Qxe2+ 17. Nxe2 Nh6 18. 0-0 Nxf7 19. Bd2 e6 20. Rad1 h5 21. Bc3 Rhf8 22. Ng3 Kc7 23. Ne4 d5 24. Nc5 Rae8 25. Rde1 Nfd8 26. Re2 b6 27. Nd3 Nb7 28. Ne5 Nxe5 29. Bxe5+ Kc6 30. Rf3 Nd6 31. Rc3+ Kd7 32. g4 Rc8 33. Rxc8 Rxc8 34. gxh5 gxh5 35. Rg2 Nf5 36. c3 Kc6 37. Rg5 h4 38. Rg6 Re8 39. Kf2 Kc5 40. Rg4 Rf8 41. Rg6 Re8 42. Kf3 b5 43. Kg4 b4 44. Kg5 bxc3 45. bxc3 d4 46. cxd4+ Nxd4 47. Bxd4+ Kxd4 48. Kxh4 e5 49. fxe5 Rxe5 50. Rg4+ Kc3 51. Ra4 a5 52. Kg4 Rb5 53. h4 1-0